<?xml version="1.0" encoding="UTF-8"?>
<record
    xmlns:xsi="http://www.w3.org/2001/XMLSchema-instance"
    xsi:schemaLocation="http://www.loc.gov/MARC21/slim http://www.loc.gov/standards/marcxml/schema/MARC21slim.xsd"
    xmlns="http://www.loc.gov/MARC21/slim">

  <leader>00658nam a22001817a 4500</leader>
  <controlfield tag="005">20171107100144.0</controlfield>
  <datafield tag="010" ind1=" " ind2=" ">
    <subfield code="a">ENG-121247</subfield>
  </datafield>
  <datafield tag="020" ind1=" " ind2=" ">
    <subfield code="a">8181770587</subfield>
    <subfield code="c">1040.00</subfield>
  </datafield>
  <datafield tag="035" ind1=" " ind2=" ">
    <subfield code="a">EN-104779</subfield>
  </datafield>
  <datafield tag="037" ind1=" " ind2=" ">
    <subfield code="b">DBAD/PUB</subfield>
  </datafield>
  <datafield tag="082" ind1=" " ind2=" ">
    <subfield code="a">581.954163</subfield>
  </datafield>
  <datafield tag="100" ind1=" " ind2=" ">
    <subfield code="a">Pal, G.D.</subfield>
  </datafield>
  <datafield tag="245" ind1=" " ind2=" ">
    <subfield code="a">Flora of lower subansiri district, Arunchal Pradesh (India) /</subfield>
    <subfield code="c">by G.D. Pal</subfield>
  </datafield>
  <datafield tag="260" ind1=" " ind2=" ">
    <subfield code="b">The Director, Botanical Survey Of India, </subfield>
    <subfield code="c">2013</subfield>
    <subfield code="a">Kolkata</subfield>
  </datafield>
  <datafield tag="270" ind1=" " ind2=" ">
    <subfield code="a">CGO Complex, 3rd MSO Building, Block F(5th and 6th Floor), DF Block, Sector I, Salt lake City</subfield>
    <subfield code="b">Kolkata</subfield>
    <subfield code="e"> 700 064 </subfield>
  </datafield>
  <datafield tag="300" ind1=" " ind2=" ">
    <subfield code="a">Vol.2(610p) : </subfield>
    <subfield code="b">ill.</subfield>
    <subfield code="c">25cm, (Hb)</subfield>
  </datafield>
  <datafield tag="942" ind1=" " ind2=" ">
    <subfield code="2">ddc</subfield>
    <subfield code="c">EN</subfield>
    <subfield code="h">581.954163</subfield>
    <subfield code="m">PAL</subfield>
  </datafield>
  <datafield tag="999" ind1=" " ind2=" ">
    <subfield code="c">147166</subfield>
    <subfield code="d">147166</subfield>
  </datafield>
  <datafield tag="952" ind1=" " ind2=" ">
    <subfield code="0">0</subfield>
    <subfield code="1">0</subfield>
    <subfield code="3">Vol.-2</subfield>
    <subfield code="4">0</subfield>
    <subfield code="7">0</subfield>
    <subfield code="8">NFIC</subfield>
    <subfield code="a">BL1</subfield>
    <subfield code="b">BL1</subfield>
    <subfield code="d">2017-11-06</subfield>
    <subfield code="e">DBAD/PUB</subfield>
    <subfield code="g">1040.00</subfield>
    <subfield code="l">0</subfield>
    <subfield code="o">581.954163 PAL</subfield>
    <subfield code="p">EN-104779</subfield>
    <subfield code="r">2017-11-06 00:00:00</subfield>
    <subfield code="t">1</subfield>
    <subfield code="v">1040.00</subfield>
    <subfield code="y">EN</subfield>
  </datafield>
</record>
